[Event "DVM U10 2023"]
[Site "Magdeburg GER"]
[Date "2023.12.29"]
[Round "6"]
[White "Rauhut, Max"]
[Black "Köhler, Valentin"]
[Result "1-0"]
[Termination "normal"]
[Board "4.3"]
[WhiteElo "1173"]
[BlackElo "1135"]
[WhiteClock "00:04:27"]
[BlackClock "00:17:01"]
[WhiteTeam "Barnimer SF im SV Stahl Finow"]
[BlackTeam "SV Empor Berlin"]
[PlyCount "151"]
[WhiteFideId "16292545"]
[EventCountry "GER"]
[EventRounds "7"]
[EventType "team-swiss"]
[EventDate "2023.12.27"]

1. d4 {[%clk 00:55:08]} {[%emt 00:00:02]} d5 {[%clk 00:54:58]} {[%emt
00:00:13]} 2. Bf4 {[%clk 00:55:06]} {[%emt 00:00:06]} e6 {[%clk 00:54:56]}
{[%emt 00:00:07]} 3. Nf3 {[%clk 00:54:46]} {[%emt 00:00:25]} Bd6 {[%clk
00:54:47]} {[%emt 00:00:13]} 4. Bxd6 {[%clk 00:54:23]} {[%emt 00:00:29]} Qxd6
{[%clk 00:54:34]} {[%emt 00:00:18]} 5. e3 {[%clk 00:54:16]} {[%emt 00:00:12]}
Nf6 {[%clk 00:54:25]} {[%emt 00:00:14]} 6. Bd3 {[%clk 00:53:53]} {[%emt
00:00:28]} O-O {[%clk 00:54:02]} {[%emt 00:00:27]} 7. O-O {[%clk 00:53:46]}
{[%emt 00:00:13]} b6 {[%clk 00:53:40]} {[%emt 00:00:28]} 8. c3 {[%clk
00:52:57]} {[%emt 00:00:53]} Bb7 {[%clk 00:53:25]} {[%emt 00:00:20]} 9. Nbd2
{[%clk 00:51:58]} {[%emt 00:01:04]} c5 {[%clk 00:53:07]} {[%emt 00:00:24]} 10.
Re1 {[%clk 00:49:16]} {[%emt 00:02:47]} Nbd7 {[%clk 00:52:15]} {[%emt
00:00:57]} 11. Qa4 {[%clk 00:43:40]} {[%emt 00:05:37]} e5 {[%clk 00:48:54]}
{[%emt 00:03:29]} 12. dxe5 {[%clk 00:40:20]} {[%emt 00:03:26]} Nxe5 {[%clk
00:48:44]} {[%emt 00:00:14]} 13. Nxe5 {[%clk 00:39:01]} {[%emt 00:01:24]} Qxe5
{[%clk 00:48:28]} {[%emt 00:00:21]} 14. e4 {[%clk 00:36:40]} {[%emt 00:02:26]}
Qg5 {[%clk 00:45:25]} {[%emt 00:03:07]} 15. Nf3 {[%clk 00:35:18]} {[%emt
00:01:29]} Qh5 {[%clk 00:44:43]} {[%emt 00:00:46]} 16. e5 {[%clk 00:30:13]}
{[%emt 00:05:10]} Ne4 {[%clk 00:41:41]} {[%emt 00:03:08]} 17. Qd7 {[%clk
00:26:04]} {[%emt 00:04:13]} Rab8 {[%clk 00:40:56]} {[%emt 00:00:49]} 18. Bb5
{[%clk 00:18:32]} {[%emt 00:07:35]} Ng5 {[%clk 00:40:15]} {[%emt 00:00:49]} 19.
Nxg5 {[%clk 00:17:31]} {[%emt 00:01:06]} Qxg5 {[%clk 00:40:02]} {[%emt
00:00:18]} 20. Qh3 {[%clk 00:17:11]} {[%emt 00:00:20]} a6 {[%clk 00:39:14]}
{[%emt 00:00:59]} 21. Bf1 {[%clk 00:16:44]} {[%emt 00:00:30]} Rbd8 {[%clk
00:38:42]} {[%emt 00:00:38]} 22. Rad1 {[%clk 00:15:56]} {[%emt 00:00:54]} g6
{[%clk 00:37:39]} {[%emt 00:01:07]} 23. g3 {[%clk 00:15:33]} {[%emt 00:00:28]}
d4 {[%clk 00:36:29]} {[%emt 00:01:15]} 24. cxd4 {[%clk 00:15:21]} {[%emt
00:00:17]} cxd4 {[%clk 00:36:21]} {[%emt 00:00:13]} 25. Bg2 {[%clk 00:15:16]}
{[%emt 00:00:10]} Bxg2 {[%clk 00:36:11]} {[%emt 00:00:15]} 26. Qxg2 {[%clk
00:15:11]} {[%emt 00:00:10]} Qe7 {[%clk 00:34:29]} {[%emt 00:01:47]} 27. Qe4
{[%clk 00:14:49]} {[%emt 00:00:28]} Rfe8 {[%clk 00:33:26]} {[%emt 00:01:07]}
28. Rxd4 {[%clk 00:14:29]} {[%emt 00:00:25]} Rxd4 {[%clk 00:32:32]} {[%emt
00:00:59]} 29. Qxd4 {[%clk 00:14:28]} {[%emt 00:00:06]} f6 {[%clk 00:31:59]}
{[%emt 00:00:38]} 30. Qc4+ {[%clk 00:13:37]} {[%emt 00:00:55]} Qf7 {[%clk
00:30:16]} {[%emt 00:01:49]} 31. Qxa6 {[%clk 00:13:08]} {[%emt 00:00:35]} Qc7
{[%clk 00:29:17]} {[%emt 00:01:03]} 32. Qb5 {[%clk 00:12:39]} {[%emt 00:00:32]}
Rxe5 {[%clk 00:28:42]} {[%emt 00:00:42]} 33. Rxe5 {[%clk 00:12:34]} {[%emt
00:00:10]} fxe5 {[%clk 00:28:34]} {[%emt 00:00:13]} 34. Qe8+ {[%clk 00:12:13]}
{[%emt 00:00:25]} Kg7 {[%clk 00:28:25]} {[%emt 00:00:15]} 35. Qb5 {[%clk
00:11:58]} {[%emt 00:00:19]} Qd6 {[%clk 00:27:29]} {[%emt 00:01:02]} 36. a4
{[%emt 00:00:38]} Qd1+ {[%clk 00:27:16]} {[%emt 00:00:16]} 37. Kg2 {[%clk
00:11:22]} {[%emt 00:00:09]} Qg4 {[%clk 00:25:46]} {[%emt 00:01:35]} 38. Qxe5+
{[%clk 00:10:53]} {[%emt 00:00:35]} Kg8 {[%clk 00:24:09]} {[%emt 00:01:42]} 39.
Qb8+ {[%clk 00:10:45]} {[%emt 00:00:13]} Kg7 {[%clk 00:24:04]} {[%emt
00:00:09]} 40. Qxb6 {[%clk 00:10:40]} {[%emt 00:00:11]} Qe4+ {[%clk 00:23:54]}
{[%emt 00:00:15]} 41. Kg1 {[%clk 00:10:23]} {[%emt 00:00:20]} Qe1+ {[%clk
00:23:52]} {[%emt 00:00:09]} 42. Kg2 {[%clk 00:10:17]} {[%emt 00:00:08]} Qe4+
{[%clk 00:23:53]} {[%emt 00:00:07]} 43. f3 {[%clk 00:09:45]} {[%emt 00:00:37]}
Qc2+ {[%clk 00:23:36]} {[%emt 00:00:21]} 44. Qf2 {[%clk 00:09:26]} {[%emt
00:00:25]} Qxa4 {[%clk 00:23:33]} {[%emt 00:00:08]} 45. Qd2 {[%clk 00:08:43]}
{[%emt 00:00:46]} Qb5 {[%clk 00:22:58]} {[%emt 00:00:42]} 46. Qc3+ {[%clk
00:08:27]} {[%emt 00:00:21]} Kh6 {[%clk 00:22:43]} {[%emt 00:00:19]} 47. Qd2+
{[%clk 00:08:02]} {[%emt 00:00:30]} Kg7 {[%clk 00:22:15]} {[%emt 00:00:34]} 48.
Kh3 {[%clk 00:06:49]} {[%emt 00:01:11]} Qh5+ {[%clk 00:21:59]} {[%emt
00:00:27]} 49. Kg2 {[%clk 00:06:45]} {[%emt 00:00:10]} Qb5 {[%clk 00:21:47]}
{[%emt 00:00:17]} 50. f4 {[%clk 00:05:57]} {[%emt 00:00:53]} Qc6+ {[%clk
00:21:19]} {[%emt 00:00:32]} 51. Kf1 {[%clk 00:05:46]} {[%emt 00:00:15]} Qh1+
{[%clk 00:21:07]} {[%emt 00:00:18]} 52. Ke2 {[%clk 00:05:08]} {[%emt 00:00:40]}
Qxh2+ {[%clk 00:21:00]} {[%emt 00:00:15]} 53. Kd1 {[%clk 00:04:42]} {[%emt
00:00:30]} Qh1+ {[%clk 00:20:54]} {[%emt 00:00:12]} 54. Kc2 {[%clk 00:04:36]}
{[%emt 00:00:10]} Qc6+ {[%clk 00:20:47]} {[%emt 00:00:14]} 55. Qc3+ {[%clk
00:04:36]} {[%emt 00:00:05]} Qxc3+ {[%clk 00:20:10]} {[%emt 00:00:42]} 56. bxc3
{[%clk 00:04:40]} {[%emt 00:00:01]} Kf6 {[%clk 00:19:51]} {[%emt 00:00:25]} 57.
Kd3 {[%clk 00:04:42]} {[%emt 00:00:02]} Ke6 {[%clk 00:19:43]} {[%emt 00:00:13]}
58. Kd4 {[%clk 00:04:43]} {[%emt 00:00:04]} Kd6 {[%clk 00:19:21]} {[%emt
00:00:26]} 59. c4 {[%clk 00:04:46]} {[%emt 00:00:04]} h5 {[%clk 00:19:17]}
{[%emt 00:00:08]} 60. Ke4 {[%clk 00:04:45]} {[%emt 00:00:06]} Kc5 {[%clk
00:19:00]} {[%emt 00:00:21]} 61. Ke5 {[%clk 00:04:40]} {[%emt 00:00:45]} Kxc4
{[%clk 00:18:55]} {[%emt 00:00:10]} 62. Kf6 {[%clk 00:04:41]} {[%emt 00:00:03]}
Kd4 {[%clk 00:18:41]} {[%emt 00:00:19]} 63. Kxg6 {[%clk 00:04:42]} {[%emt
00:00:04]} Ke4 {[%clk 00:18:23]} {[%emt 00:00:23]} 64. Kxh5 {[%clk 00:04:39]}
{[%emt 00:00:09]} Kf5 {[%clk 00:18:21]} {[%emt 00:00:06]} 65. g4+ {[%clk
00:04:41]} {[%emt 00:00:03]} Kxf4 {[%clk 00:18:03]} {[%emt 00:00:23]} 66. g5
{[%clk 00:04:43]} {[%emt 00:00:02]} Kf5 {[%clk 00:17:58]} {[%emt 00:00:11]} 67.
Kh6 {[%clk 00:04:42]} {[%emt 00:00:06]} Ke6 {[%clk 00:17:50]} {[%emt 00:00:13]}
68. g6 {[%clk 00:04:19]} {[%emt 00:00:28]} Kf6 {[%clk 00:17:43]} {[%emt
00:00:12]} 69. Kh7 {[%clk 00:04:23]} {[%emt 00:00:02]} Kg5 {[%clk 00:17:34]}
{[%emt 00:00:13]} 70. g7 {[%clk 00:04:22]} {[%emt 00:00:07]} Kh5 {[%clk
00:17:27]} {[%emt 00:00:11]} 71. g8=Q {[%clk 00:04:21]} {[%emt 00:00:05]} Kh4
{[%clk 00:17:16]} {[%emt 00:00:16]} 72. Qg1 {[%clk 00:04:22]} {[%emt 00:00:04]}
Kh5 {[%clk 00:17:13]} {[%emt 00:00:08]} 73. Kg7 {[%clk 00:04:24]} {[%emt
00:00:04]} Kh4 {[%clk 00:17:09]} {[%emt 00:00:09]} 74. Kf6 {[%clk 00:04:27]}
{[%emt 00:00:03]} Kh3 {[%clk 00:17:10]} {[%emt 00:00:03]} 75. Kf5 {[%clk
00:04:27]} {[%emt 00:00:05]} Kh4 {[%clk 00:17:01]} {[%emt 00:00:13]} 76. Qg4+
{[%emt 00:00:02]} 1-0

[Event "DVM U10 2023"]
[Site "Magdeburg GER"]
[Date "2023.12.29"]
[Round "6"]
[White "Schmidt, Jakob"]
[Black "Fattori Dittmar, Luca"]
[Result "0-1"]
[Termination "normal"]
[Board "4.4"]
[WhiteElo "938"]
[BlackElo "832"]
[WhiteClock "00:31:47"]
[BlackClock "00:39:53"]
[WhiteTeam "SV Empor Berlin"]
[BlackTeam "Barnimer SF im SV Stahl Finow"]
[PlyCount "50"]
[BlackFideId "34678883"]
[EventCountry "GER"]
[EventRounds "7"]
[EventType "team-swiss"]
[EventDate "2023.12.27"]

1. e4 {[%clk 00:55:07]} {[%emt 00:00:02]} e5 {[%clk 00:55:06]} {[%emt
00:00:05]} 2. Nf3 {[%clk 00:55:00]} {[%emt 00:00:12]} Nc6 {[%clk 00:55:03]}
{[%emt 00:00:08]} 3. Bc4 {[%clk 00:54:51]} {[%emt 00:00:14]} Bc5 {[%clk
00:55:00]} {[%emt 00:00:08]} 4. O-O {[%clk 00:54:38]} {[%emt 00:00:17]} d6
{[%clk 00:54:51]} {[%emt 00:00:15]} 5. Nc3 {[%clk 00:54:20]} {[%emt 00:00:23]}
Bg4 {[%clk 00:54:41]} {[%emt 00:00:15]} 6. h3 {[%clk 00:54:05]} {[%emt
00:00:20]} Bh5 {[%clk 00:54:38]} {[%emt 00:00:08]} 7. d3 {[%clk 00:53:50]}
{[%emt 00:00:21]} Nd4 {[%clk 00:54:17]} {[%emt 00:00:25]} 8. Be3 {[%clk
00:50:48]} {[%emt 00:03:04]} Nxf3+ {[%clk 00:54:09]} {[%emt 00:00:16]} 9. gxf3
{[%clk 00:50:41]} {[%emt 00:00:11]} Bxe3 {[%clk 00:53:46]} {[%emt 00:00:29]}
10. fxe3 {[%clk 00:49:54]} {[%emt 00:00:51]} Qg5+ {[%clk 00:53:07]} {[%emt
00:00:45]} 11. Kf2 {[%clk 00:49:07]} {[%emt 00:00:52]} Qh4+ {[%clk 00:52:30]}
{[%emt 00:00:41]} 12. Ke2 {[%clk 00:47:57]} {[%emt 00:01:15]} Qxh3 {[%clk
00:52:01]} {[%emt 00:00:35]} 13. d4 {[%clk 00:44:28]} {[%emt 00:03:34]} Qg2+
{[%clk 00:50:00]} {[%emt 00:02:03]} 14. Rf2 {[%clk 00:44:13]} {[%emt 00:00:22]}
Bxf3+ {[%clk 00:49:05]} {[%emt 00:01:02]} 15. Ke1 {[%clk 00:43:33]} {[%emt
00:00:44]} Qg1+ {[%clk 00:47:03]} {[%emt 00:02:06]} 16. Rf1 {[%clk 00:42:41]}
{[%emt 00:00:58]} Qg3+ {[%clk 00:46:04]} {[%emt 00:01:02]} 17. Rf2 {[%clk
00:40:37]} {[%emt 00:02:11]} Bxd1 {[%clk 00:45:57]} {[%emt 00:00:12]} 18. Rxd1
{[%clk 00:40:27]} {[%emt 00:00:12]} Nf6 {[%clk 00:45:21]} {[%emt 00:00:44]} 19.
dxe5 {[%clk 00:40:04]} {[%emt 00:00:27]} Qxe3+ {[%clk 00:44:37]} {[%emt
00:00:50]} 20. Re2 {[%clk 00:39:16]} {[%emt 00:00:53]} Qg3+ {[%clk 00:44:16]}
{[%emt 00:00:26]} 21. Kf1 {[%clk 00:38:21]} {[%emt 00:00:58]} dxe5 {[%clk
00:43:46]} {[%emt 00:00:37]} 22. Rg2 {[%clk 00:36:35]} {[%emt 00:01:51]} Qh3
{[%clk 00:42:30]} {[%emt 00:01:21]} 23. Kf2 {[%clk 00:35:16]} {[%emt 00:01:23]}
O-O {[%clk 00:41:53]} {[%emt 00:00:43]} 24. Ne2 {[%clk 00:34:17]} {[%emt
00:01:03]} Nxe4+ {[%clk 00:41:11]} {[%emt 00:00:48]} 25. Kg1 {[%clk 00:31:47]}
{[%emt 00:02:34]} Rad8 {[%clk 00:39:53]} {[%emt 00:01:24]} 0-1

[Event "DVM U10 2023"]
[Site "Magdeburg GER"]
[Date "2023.12.29"]
[Round "6"]
[White "Andersen, Jonathan"]
[Black "Müller, Konstantin"]
[Result "1/2-1/2"]
[Termination "normal"]
[Board "5.1"]
[WhiteElo "1488"]
[BlackElo "1614"]
[WhiteClock "00:08:49"]
[BlackClock "00:05:08"]
[WhiteTeam "SK Johanneum Eppendorf"]
[BlackTeam "SK Münster 32"]
[PlyCount "127"]
[WhiteFideId "34623884"]
[BlackFideId "34661778"]
[EventCountry "GER"]
[EventRounds "7"]
[EventType "team-swiss"]
[EventDate "2023.12.27"]

1. e4 {[%clk 00:55:09]} c5 {[%clk 00:55:05]} {[%emt 00:00:06]} 2. Nf3 {[%clk
00:55:09]} {[%emt 00:00:04]} e6 {[%clk 00:55:06]} {[%emt 00:00:04]} 3. d4
{[%clk 00:55:04]} {[%emt 00:00:10]} cxd4 {[%clk 00:55:06]} {[%emt 00:00:05]} 4.
Nxd4 {[%clk 00:55:04]} {[%emt 00:00:05]} Nf6 {[%clk 00:55:06]} {[%emt
00:00:05]} 5. Nc3 {[%clk 00:55:04]} {[%emt 00:00:05]} Nc6 {[%clk 00:54:51]}
{[%emt 00:00:21]} 6. Ndb5 {[%clk 00:54:57]} {[%emt 00:00:12]} d6 {[%clk
00:54:45]} {[%emt 00:00:11]} 7. Bf4 {[%clk 00:54:49]} {[%emt 00:00:12]} e5
{[%clk 00:54:46]} {[%emt 00:00:04]} 8. Bg5 {[%clk 00:54:46]} {[%emt 00:00:07]}
a6 {[%clk 00:54:48]} {[%emt 00:00:05]} 9. Na3 {[%clk 00:54:41]} {[%emt
00:00:10]} b5 {[%clk 00:54:06]} {[%emt 00:00:47]} 10. Nd5 {[%clk 00:54:39]}
{[%emt 00:00:06]} Be7 {[%clk 00:54:03]} {[%emt 00:00:08]} 11. Bxf6 {[%clk
00:54:36]} {[%emt 00:00:07]} Bxf6 {[%clk 00:54:02]} {[%emt 00:00:07]} 12. c3
{[%clk 00:54:34]} {[%emt 00:00:08]} Bg5 {[%clk 00:51:08]} {[%emt 00:02:59]} 13.
Nc2 {[%clk 00:54:30]} {[%emt 00:00:08]} O-O {[%clk 00:48:20]} {[%emt 00:02:54]}
14. a4 {[%clk 00:54:00]} {[%emt 00:00:34]} bxa4 {[%clk 00:45:53]} {[%emt
00:02:33]} 15. Rxa4 {[%clk 00:53:44]} {[%emt 00:00:20]} f5 {[%clk 00:43:04]}
{[%emt 00:02:55]} 16. Bc4 {[%clk 00:52:26]} {[%emt 00:01:23]} Kh8 {[%clk
00:42:38]} {[%emt 00:00:31]} 17. exf5 {[%clk 00:52:21]} {[%emt 00:00:10]} Bxf5
{[%clk 00:42:07]} {[%emt 00:00:36]} 18. Rxa6 {[%clk 00:51:26]} {[%emt
00:00:59]} Rxa6 {[%clk 00:40:35]} {[%emt 00:01:38]} 19. Bxa6 {[%clk 00:50:40]}
{[%emt 00:00:50]} Qa5 {[%clk 00:37:53]} {[%emt 00:02:47]} 20. Ncb4 {[%clk
00:49:01]} {[%emt 00:01:44]} Nxb4 {[%clk 00:31:23]} {[%emt 00:06:36]} 21. Nxb4
{[%clk 00:48:52]} {[%emt 00:00:13]} Be4 {[%clk 00:25:01]} {[%emt 00:06:27]} 22.
O-O {[%clk 00:47:47]} {[%emt 00:01:10]} Be7 {[%clk 00:22:42]} {[%emt 00:02:25]}
23. Bd3 {[%clk 00:45:33]} {[%emt 00:02:18]} Bxd3 {[%clk 00:21:27]} {[%emt
00:01:20]} 24. Qxd3 {[%clk 00:44:59]} {[%emt 00:00:39]} Rc8 {[%clk 00:18:51]}
{[%emt 00:02:41]} 25. Qf5 {[%clk 00:43:58]} {[%emt 00:01:05]} Qd8 {[%clk
00:17:20]} {[%emt 00:01:37]} 26. Rd1 {[%clk 00:41:34]} {[%emt 00:02:29]} Qf8
{[%clk 00:15:39]} {[%emt 00:01:47]} 27. Qxf8+ {[%clk 00:41:14]} {[%emt
00:00:24]} Bxf8 {[%clk 00:15:26]} {[%emt 00:00:17]} 28. Kf1 {[%clk 00:40:49]}
{[%emt 00:00:31]} Kg8 {[%clk 00:15:19]} {[%emt 00:00:13]} 29. Ke2 {[%clk
00:40:46]} {[%emt 00:00:08]} Ra8 {[%clk 00:14:14]} {[%emt 00:01:10]} 30. Kd3
{[%clk 00:39:50]} {[%emt 00:01:00]} Kf7 {[%clk 00:14:11]} {[%emt 00:00:08]} 31.
Kc4 {[%clk 00:39:45]} {[%emt 00:00:10]} Ke6 {[%clk 00:14:11]} {[%emt 00:00:06]}
32. f3 {[%clk 00:39:14]} {[%emt 00:00:35]} h5 {[%clk 00:12:28]} {[%emt
00:01:48]} 33. h3 {[%clk 00:35:09]} {[%emt 00:04:09]} Ra5 {[%clk 00:11:27]}
{[%emt 00:01:07]} 34. Rd5 {[%clk 00:33:02]} {[%emt 00:02:12]} Ra8 {[%clk
00:10:36]} {[%emt 00:00:57]} 35. g4 {[%clk 00:30:25]} {[%emt 00:02:41]} Rc8+
{[%clk 00:10:32]} {[%emt 00:00:09]} 36. Kd3 {[%clk 00:28:32]} {[%emt 00:01:58]}
Rb8 {[%clk 00:10:08]} {[%emt 00:00:29]} 37. Ra5 {[%clk 00:27:52]} {[%emt
00:00:44]} hxg4 {[%clk 00:09:56]} {[%emt 00:00:18]} 38. hxg4 {[%clk 00:27:31]}
{[%emt 00:00:26]} Be7 {[%clk 00:09:32]} {[%emt 00:00:30]} 39. Ra7 {[%clk
00:26:29]} {[%emt 00:01:06]} Rf8 {[%clk 00:09:15]} {[%emt 00:00:22]} 40. Ke3
{[%clk 00:24:51]} {[%emt 00:01:43]} Bg5+ {[%clk 00:09:09]} {[%emt 00:00:12]}
41. Ke2 {[%clk 00:23:58]} {[%emt 00:00:58]} Bf6 {[%clk 00:08:52]} {[%emt
00:00:21]} 42. Ra6 {[%clk 00:20:06]} {[%emt 00:03:57]} Rh8 {[%clk 00:08:41]}
{[%emt 00:00:16]} 43. Nd3 {[%clk 00:18:33]} {[%emt 00:01:38]} Rh2+ {[%clk
00:08:28]} {[%emt 00:00:18]} 44. Ke3 {[%clk 00:16:36]} {[%emt 00:02:02]} Bg5+
{[%clk 00:08:21]} {[%emt 00:00:12]} 45. f4 {[%clk 00:15:06]} {[%emt 00:01:35]}
Bxf4+ {[%clk 00:08:09]} {[%emt 00:00:17]} 46. Nxf4+ {[%clk 00:14:38]} {[%emt
00:00:34]} exf4+ {[%clk 00:08:08]} {[%emt 00:00:05]} 47. Kxf4 {[%clk 00:14:35]}
{[%emt 00:00:08]} Rxb2 {[%clk 00:08:05]} {[%emt 00:00:08]} 48. Kg5 {[%clk
00:14:25]} {[%emt 00:00:15]} Rg2 {[%clk 00:07:53]} {[%emt 00:00:17]} 49. Ra7
{[%clk 00:14:02]} {[%emt 00:00:28]} g6 {[%clk 00:07:37]} {[%emt 00:00:19]} 50.
Rg7 {[%clk 00:13:52]} {[%emt 00:00:16]} Rc2 {[%clk 00:07:25]} {[%emt 00:00:17]}
51. Rxg6+ {[%clk 00:13:44]} {[%emt 00:00:13]} Ke5 {[%clk 00:07:22]} {[%emt
00:00:09]} 52. Rf6 {[%clk 00:13:14]} {[%emt 00:00:35]} Rxc3 {[%clk 00:07:13]}
{[%emt 00:00:15]} 53. Kg6 {[%clk 00:13:03]} {[%emt 00:00:14]} d5 {[%clk
00:07:05]} {[%emt 00:00:14]} 54. g5 {[%clk 00:12:57]} {[%emt 00:00:10]} Rg3
{[%clk 00:06:54]} {[%emt 00:00:17]} 55. Ra6 {[%clk 00:12:18]} {[%emt 00:00:44]}
d4 {[%clk 00:06:47]} {[%emt 00:00:12]} 56. Ra8 {[%clk 00:11:27]} {[%emt
00:00:56]} Ke4 {[%clk 00:06:04]} {[%emt 00:00:48]} 57. Kf6 {[%clk 00:10:58]}
{[%emt 00:00:33]} Ke3 {[%clk 00:05:45]} {[%emt 00:00:25]} 58. g6 {[%clk
00:10:55]} {[%emt 00:00:08]} d3 {[%clk 00:05:40]} {[%emt 00:00:10]} 59. Re8+
{[%clk 00:10:38]} {[%emt 00:00:22]} Kf2 {[%clk 00:05:27]} {[%emt 00:00:19]} 60.
Rd8 {[%clk 00:10:12]} {[%emt 00:00:30]} Ke2 {[%clk 00:05:15]} {[%emt 00:00:17]}
61. Re8+ {[%clk 00:09:52]} {[%emt 00:01:15]} Kf2 {[%clk 00:05:09]} {[%emt
00:00:12]} 62. Rd8 {[%clk 00:09:22]} {[%emt 00:00:35]} Ke2 {[%clk 00:05:08]}
{[%emt 00:00:06]} 63. Re8+ {[%clk 00:09:22]} {[%emt 00:00:05]} Kf2 {[%clk
00:05:08]} {[%emt 00:00:04]} 64. Rd8 {[%clk 00:08:49]} {[%emt 00:00:38]}
1/2-1/2

[Event "DVM U10 2023"]
[Site "Magdeburg GER"]
[Date "2023.12.29"]
[Round "6"]
[White "Schwetz, Emil Oliver"]
[Black "Roycroft, Joris Brian"]
[Result "1-0"]
[Termination "normal"]
[Board "5.2"]
[WhiteElo "1411"]
[BlackElo "1031"]
[WhiteClock "00:40:55"]
[BlackClock "00:47:13"]
[WhiteTeam "SK Münster 32"]
[BlackTeam "SK Johanneum Eppendorf"]
[PlyCount "95"]
[WhiteFideId "34664041"]
[EventCountry "GER"]
[EventRounds "7"]
[EventType "team-swiss"]
[EventDate "2023.12.27"]

1. e4 {[%clk 00:55:09]} {[%emt 14:09:14]} c5 {[%clk 00:55:07]} {[%emt
00:00:04]} 2. c3 {[%clk 00:55:10]} {[%emt 00:00:05]} Nf6 {[%clk 00:55:05]}
{[%emt 00:00:06]} 3. e5 {[%emt 00:00:08]} Nd5 {[%clk 00:55:03]} {[%emt
00:00:05]} 4. d4 {[%clk 00:55:09]} {[%emt 00:00:05]} Qa5 {[%clk 00:54:49]}
{[%emt 00:00:19]} 5. Bd2 {[%clk 00:54:41]} {[%emt 00:00:33]} Qb6 {[%clk
00:54:36]} {[%emt 00:00:19]} 6. Bc1 {[%clk 00:53:18]} {[%emt 00:01:26]} Nc6
{[%clk 00:54:34]} {[%emt 00:00:07]} 7. dxc5 {[%clk 00:53:06]} {[%emt 00:00:19]}
Qxc5 {[%clk 00:54:32]} {[%emt 00:00:07]} 8. b4 {[%clk 00:52:28]} {[%emt
00:00:42]} Qb6 {[%clk 00:54:30]} {[%emt 00:00:07]} 9. Qxd5 {[%clk 00:52:25]}
{[%emt 00:00:07]} e6 {[%clk 00:54:27]} {[%emt 00:00:08]} 10. Qb5 {[%clk
00:51:53]} {[%emt 00:00:37]} Qc7 {[%clk 00:54:17]} {[%emt 00:00:16]} 11. Bf4
{[%clk 00:51:27]} {[%emt 00:00:30]} a6 {[%clk 00:54:16]} {[%emt 00:00:07]} 12.
Qe2 {[%clk 00:51:17]} {[%emt 00:00:14]} Be7 {[%clk 00:54:11]} {[%emt 00:00:11]}
13. Qg4 {[%clk 00:50:37]} {[%emt 00:00:44]} O-O {[%clk 00:53:52]} {[%emt
00:00:25]} 14. Nf3 {[%clk 00:50:12]} {[%emt 00:00:29]} Rd8 {[%clk 00:53:41]}
{[%emt 00:00:18]} 15. Bh6 {[%clk 00:50:03]} {[%emt 00:00:12]} g6 {[%clk
00:53:42]} {[%emt 00:00:05]} 16. Bf4 {[%clk 00:48:45]} {[%emt 00:01:22]} h5
{[%clk 00:53:34]} {[%emt 00:00:14]} 17. Qg3 {[%clk 00:48:35]} {[%emt 00:00:15]}
b5 {[%emt 00:02:12]} 18. Bg5 {[%clk 00:48:05]} {[%emt 00:00:33]} Bb7 {[%clk
00:51:01]} {[%emt 00:00:34]} 19. Bf6 {[%clk 00:47:45]} {[%emt 00:00:25]} Rac8
{[%clk 00:49:54]} {[%emt 00:01:12]} 20. Qg5 {[%clk 00:47:29]} {[%emt 00:00:19]}
Bxf6 {[%clk 00:49:06]} {[%emt 00:00:54]} 21. exf6 {[%clk 00:47:14]} {[%emt
00:00:19]} Ne7 {[%clk 00:48:32]} {[%emt 00:00:39]} 22. fxe7 {[%clk 00:46:28]}
{[%emt 00:00:51]} Re8 {[%clk 00:48:31]} {[%emt 00:00:07]} 23. Qh6 {[%clk
00:46:07]} {[%emt 00:00:25]} Rxe7 {[%clk 00:48:14]} {[%emt 00:00:23]} 24. Ng5
{[%clk 00:46:02]} {[%emt 00:00:10]} f6 {[%clk 00:47:55]} {[%emt 00:00:24]} 25.
Qxg6+ {[%clk 00:45:56]} {[%emt 00:00:11]} Rg7 {[%clk 00:47:56]} {[%emt
00:00:04]} 26. Qxf6 {[%clk 00:45:34]} {[%emt 00:00:27]} Rf8 {[%clk 00:47:44]}
{[%emt 00:00:17]} 27. Nxe6 {[%clk 00:45:05]} {[%emt 00:00:34]} Rxf6 {[%clk
00:47:34]} {[%emt 00:00:16]} 28. Nxc7 {[%emt 00:00:18]} d6 29. Nxb5 {[%clk
00:44:52]} {[%emt 00:00:16]} axb5 {[%clk 00:47:28]} {[%emt 00:00:04]} 30. Bxb5
{[%clk 00:44:46]} {[%emt 00:00:11]} Re7+ {[%clk 00:47:28]} {[%emt 00:00:05]}
31. Kd1 {[%clk 00:43:46]} {[%emt 00:01:04]} Bxg2 {[%clk 00:47:22]} {[%emt
00:00:12]} 32. Rg1 {[%clk 00:43:41]} {[%emt 00:00:09]} Rxf2 {[%clk 00:47:19]}
{[%emt 00:00:08]} 33. Bc6 {[%clk 00:43:12]} {[%emt 00:00:35]} Ree2 {[%clk
00:47:12]} {[%emt 00:00:12]} 34. Bxg2 {[%clk 00:42:54]} {[%emt 00:00:23]} Rxg2
{[%clk 00:47:12]} {[%emt 00:00:06]} 35. Rxg2+ {[%clk 00:42:52]} {[%emt
00:00:06]} Rxg2 {[%clk 00:47:13]} {[%emt 00:00:04]} 36. a4 {[%clk 00:42:03]}
{[%emt 00:00:54]} Rxh2 {[%clk 00:47:14]} {[%emt 00:00:04]} 37. a5 {[%clk
00:42:02]} {[%emt 00:00:06]} h4 {[%clk 00:47:15]} {[%emt 00:00:04]} 38. a6
{[%clk 00:42:00]} {[%emt 00:00:07]} Rf2 {[%clk 00:47:13]} {[%emt 00:00:06]} 39.
a7 {[%clk 00:41:57]} {[%emt 00:00:08]} h3 {[%clk 00:47:06]} {[%emt 00:00:13]}
40. a8=Q+ {[%clk 00:41:49]} {[%emt 00:00:13]} Kg7 {[%clk 00:47:09]} 41. Ra7+
{[%clk 00:41:39]} {[%emt 00:00:16]} Kf6 {[%clk 00:47:10]} {[%emt 00:00:05]} 42.
Qf8+ {[%clk 00:41:37]} {[%emt 00:00:07]} Ke6 {[%clk 00:47:09]} {[%emt
00:00:05]} 43. Qxf2 {[%clk 00:41:29]} {[%emt 00:00:14]} h2 {[%clk 00:47:10]}
{[%emt 00:00:04]} 44. Qxh2 {[%clk 00:41:28]} {[%emt 00:00:05]} Kd5 {[%clk
00:47:10]} {[%emt 00:00:06]} 45. Qh5+ {[%clk 00:41:24]} {[%emt 00:00:08]} Kc4
{[%clk 00:47:11]} {[%emt 00:00:05]} 46. Rc7+ {[%clk 00:41:14]} {[%emt
00:00:14]} Kb3 {[%clk 00:47:13]} {[%emt 00:00:04]} 47. Qa5 {[%clk 00:40:55]}
{[%emt 00:00:25]} d5 {[%clk 00:47:13]} {[%emt 00:00:05]} 48. Qa3# {[%emt
00:00:05]} 1-0